| 000 | 00885nam a2200253Ia 4500 | ||
|---|---|---|---|
| 003 | GCL | ||
| 008 | 140319s9999 xx 000 0 ara d | ||
| 020 | _a9097376977 | ||
| 040 |
_aGCL / _cGCL |
||
| 082 | 0 | 4 |
_a364.131 _bأ ع |
| 100 | 1 | _aاسامة عبد الحق | |
| 245 | 1 | 0 |
_aعملاء اسرائيل واسرار اغتيال عرفات وقادة المقاومة / _cاسامة عبد الحق |
| 250 | _aالاولى | ||
| 260 |
_aسوريا : _bدار الكتاب العربى ، _c2005 |
||
| 300 |
_a295ص ؛ _c27سم |
||
| 650 | 0 | 4 | _aالاغتيال |
| 650 | 0 | 4 | _aالجرائم السياسية |
| 650 | 0 | 4 | _aالمخابرات العسكرية |
| 650 | 0 | 4 | _aالجواسيس |
| 650 | 0 | 4 | _aالجاسوسية |
| 650 | 0 | 4 | _aالارهاب الدولى |
| 650 | 0 | 4 | _aالمخابرات - الولايات المتحدة الامريكية |
| 942 |
_2ddc _cBK |
||
| 999 |
_c55350 _d55350 |
||